ANATOMY,PHYSIOLOGY AND HEALTH EDUCATION (Record no. 270543)

MARC details
000 -LEADER
fixed length control field 00327pam a2200133a 44500
008 - FIXED-LENGTH DATA ELEMENTS--GENERAL INFORMATION
fixed length control field 230405s2017 xxu||||| |||| 00| 0 eng d
041 ## - LANGUAGE CODE
Language code of text/sound track or separate title ENG
100 ## - MAIN ENTRY--PERSONAL NAME
Personal name DR.S.B.BHISE
245 ## - TITLE STATEMENT
Title ANATOMY,PHYSIOLOGY AND HEALTH EDUCATION
250 ## - EDITION STATEMENT
Edition statement 11
260 ## - PUBLICATION, DISTRIBUTION, ETC.
Place of publication, distribution, etc.
Name of publisher, distributor, etc. NIRALI PRAKESHN PUNE PUNE
Date of publication, distribution, etc. 2017
300 ## - PHYSICAL DESCRIPTION
Extent 10.13
906 ## - LOCAL DATA ELEMENT F, LDF (RLIN)
a 5104
Holdings
Withdrawn status Lost status Damaged status Not for loan Collection Home library Current library Date acquired Source of acquisition Cost, normal purchase price Total Checkouts Barcode Date last seen Price effective from Koha item type
          College of Pharmacy, Kolhapur College of Pharmacy, Kolhapur 14/04/2023 SAI BOOK CENTRE 169.00   PCK-SW-522 14/04/2023 14/04/2023 Book
          College of Pharmacy, Kolhapur College of Pharmacy, Kolhapur 14/04/2023 SAI BOOK CENTRE 169.00   PCK-SW-521 14/04/2023 14/04/2023 Book
          College of Pharmacy, Kolhapur College of Pharmacy, Kolhapur 14/04/2023 SAI BOOK CENTRE 169.00   PCK-SW-520 14/04/2023 14/04/2023 Book